Statistics for 2021 NBA All-Star Selections

Click here to take the quiz!

General Stats

  • This quiz has been taken 38 times
  • The average score is 22 of 24

Answer Stats

TeamPositionPlayer% Correct
*Philadelphia 76ersCJoel Embiid
100%
Los Angeles ClippersFKawhi Leonard
100%
Golden State WarriorsGStephen Curry
100%
Washington WizardsGBradley Beal
97%
Portland Trail BlazersGDamian Lillard
97%
Utah JazzGDonovan Mitchell
97%
Milwaukee BucksFGiannis Antetokounmpo
97%
Brooklyn NetsGKyrie Irving
97%
Denver NuggetsCNikola Jokic
97%
Utah JazzCRudy Gobert
97%
Chicago BullsGZach Lavine
97%
*Philadelphia 76ersGBen Simmons
94%
Phoenix SunsGChris Paul
94%
Brooklyn NetsGJames Harden
94%
Dallas MavericksGLuka Doncic
94%
Los Angeles ClippersFPaul George
94%
New York KnicksFJulius Randle
91%
Los Angeles LakersFLebron James
91%
New Orleans PelicansFZion Williamson
91%
Boston CelticsGJaylen Brown
88%
Indiana PacersFDomantas Sabonis
79%
Utah JazzGMike Conley Jr.
79%
Orlando MagicCNikola Vucevic
76%
Boston CelticsFJayson Tatum
67%

Score Distribution

Percentile by Number Answered

Percent of People with Each Score

Your Score History

You have not taken this quiz